Justicia y acceso: los problemas y las soluciones /

Furkejuvvon:
Bibliográfalaš dieđut
Váldodahkki: Bolívar, Ligia
Materiálatiipa: Texto
Fáttát:
Fáddágilkorat: Lasit fáddágilkoriid
Eai fáddágilkorat, Lasit vuosttaš fáddágilkora!

MARC

LEADER 00000 a a2200000 04500
001 16367
003
040
100 |a Bolívar, Ligia  
245 |a Justicia y acceso:   |b los problemas y las soluciones /  |c Ligia Bolívar 
650 |a ADMINISTRACION DE JUSTICIA  
650 |a JURISPRUDENCIA  
650 |a DERECHOS HUMANOS  
650 |a DEFENSA  
650 |a MANEJO DE PROBLEMA  
650 |a CENTRALIZACION  
650 |a CORRUPCION  
650 |a DESIGUALDAD SOCIAL  
773 |g número 32 -33; páginas 71-92  
999 |c 31770  |d 31770